Bakhtin and cultural theory = Bajtín y la teoría cultural /
Đã lưu trong:
| Những tác giả chính: | , |
|---|---|
| Định dạng: | Không biết |
| Ngôn ngữ: | English |
| Được phát hành: |
Manchester ; New York :
Manchester University Press ; New York : Distributed exclusively in the U.S.A. by Palgrave,
2001.
|
| Những chủ đề: | |
| Các nhãn: |
Thêm thẻ
Không có thẻ, Là người đầu tiên thẻ bản ghi này!
|
MARC
| LEADER | 000000000a22000000004500 | ||
|---|---|---|---|
| 001 | 015306 | ||
| 020 | |a 0719049903 | ||
| 041 | 0 | |a eng | |
| 082 | 0 | 4 | |a 801.950.92 |b H669B |
| 100 | 1 | |a Hirschkop, Ken | |
| 100 | 1 | |a Shepherd, David |c (David G.) | |
| 245 | 1 | 0 | |a Bakhtin and cultural theory = |b Bajtín y la teoría cultural / |c Ken Hirschkop, David Shepherd. |
| 246 | 3 | 1 | |a Bajtín y la teoría cultural |
| 260 | 1 | |a Manchester ; New York : |b Manchester University Press ; New York : Distributed exclusively in the U.S.A. by Palgrave, |c 2001. | |
| 300 | |a x, 276 páginas ; |c 23 cm. | ||
| 650 | 4 | |a BAJTIN, M.M (MIJAIL MIJAILOVICH), 1895-1975 | |
| 650 | 4 | |a CRITICA | |
| 650 | 4 | |a HISTORIA | |
| 650 | 4 | |a SIGLO XX | |
| 500 | |a Colección George Yúdice | ||
| 999 | |c 21163 |d 21163 | ||
| 942 | |c BK |h 801.950.92 H669B |2 z | ||



